000 00600nam a2200229Ia 4500
003 OSt
005 20220924152339.0
006 a|||||r|||| 00| 0
007 ta
008 220923b |||||||| |||| 00| 0 mar d
024 _a342146
037 _cTextual
040 _aARTS
_cARTS
_bmar
041 _2mar
_amar
082 _aO155,6NDEIx, L3
100 _aDeshmukh Sharda
_9226456
245 0 _aShivkalateel evam peshaiteel
260 _c1973
650 _aMARATHI LITERATURE
_938000
942 _hO155,6NDEIx, L3
_cTEXL
_2CC
999 _c469548
_d469548